000
00336nam a2200145Ia 4500
005
20251222143207.0
008
251222s9999||||xx |||||||||||||| ||spa||
020
_a
84-297-1158-9
082
_a
838.8/D98
100
_a
Dierrenmatt, Friedrich
245
0
_a
Grec Busca Greca
250
_a
2a.ed.
264
_b
Edicions 92
942
_c
LIB
999
_c
13303
_d
13303